00375nam a2200121Ia 4500008004100000100002700041245012800068260001200196260001100208260000900219300000800228650001700236160103s9999 xx 000 0 und d10aRanjini Dabarera,G.D.M aIn depth study of the Graduateship Programme in Chemistry of the College of Chemical Sciences Institute of Chemistry Ceylon aColombo bIchemc c2009 a157 aGraduateship